| 000 | 00591cab a2200205 4500 | ||
|---|---|---|---|
| 001 | WB2546-20 | ||
| 008 | 090401t1989 xxu||||| |||| 00| 0 eng d | ||
| 035 | _a(Sirsi) u4223 | ||
| 041 | _aeng | ||
| 245 | _aLocal Government and Housing Act | ||
| 260 | _c1989 | ||
| 350 | _a0 | ||
| 490 |
_aDoE News Release _v616 16 November 1989 16 pages |
||
| 520 | _aRoyal Assent has been given to the Local Government and Housing Act 1989 , detailed here. | ||
| 650 | _aCOUNCIL HOUSING | ||
| 650 | _aPRIVATE SECTOR HOUSING | ||
| 690 |
_aBlock management _96220 |
||
| 942 | _n0 | ||
| 948 | _c04/03/1997 | ||
| 999 |
_c2529 _d2529 |
||